00562cam a22002051 4500001001300000003000400013005001700017008004100034010001700075035001900092040001800111042001200129050002600141100004200167245005300209250001300262260003700275300002700312999001700339sa 68020631 DLC20260227112726.0760331s1964 io a 000 0 ind  asa 68020631  a(OCoLC)2081075 aDLCcOAUdDLC apremarc00aPL5089.M265bT53 19641 aMadjoindo, A. Dt.q(Aman Dt.),d1895-10aTjindur mata.cDiusahakan oleh A. Dt. Madjoindo. aTjet. 4. aDjakarta,bBalai Pustaka,c1964. a162 p.billus.c19 cm. c89533d89533